| 000 | 00602nam a22002177a 4500 | ||
|---|---|---|---|
| 999 |
_c502 _d502 |
||
| 001 | 502 | ||
| 003 | BD-JhCC | ||
| 005 | 20171012115337.0 | ||
| 008 | 171005s2005 bg |||| |||| 000 0 ben d | ||
| 020 | _a9844124336 | ||
| 035 | _a(BD-JhCC)502 | ||
| 040 |
_aBD-JhCC _dBD-JhCC |
||
| 041 | _aeng | ||
| 082 |
_a891.4435 _bKAM 2005 |
||
| 100 | _aকামাল, নাশিদ | ||
| 245 |
_aআজীবন বসন্ত / _cনাশিদ কামাল |
||
| 300 |
_a১০৩ পৃ.: _c২২ সেমি |
||
| 650 | _aBangali Short Stories | ||
| 942 |
_2ddc _cBK |
||